Expert advice for experts (Record no. 70647)

MARC details
000 -LEADER
fixed length control field 01178cam a2200241 4500
001 - CONTROL NUMBER
control field ABS65654
008 - FIXED-LENGTH DATA ELEMENTS--GENERAL INFORMATION
fixed length control field 020702n2002 000 0 eng u
035 ## - SYSTEM CONTROL NUMBER
System control number (Sirsi) u118633
100 ## - MAIN ENTRY--PERSONAL NAME
Personal name Button, R.
245 ## - TITLE STATEMENT
Title Expert advice for experts
260 ## - PUBLICATION, DISTRIBUTION, ETC.
Date of publication, distribution, etc. 2002
490 ## - SERIES STATEMENT
Series statement CSM
-- Chartered Surveyor Monthly
Volume/sequential designation May 2002, 22(1)
520 ## - SUMMARY, ETC.
Summary, etc. Provides advice for expert witnesses in the light of new publication, Code of guidance on expert evidence, published by the Lord Chancellor's Department which gives a useful summary of current best practice. It will govern the work of all the experts in the courts and reports prepared by the expert must contain a statement that it complies with its provisions. Stresses the importance to the expert witness in learning the Code in addition to Part 35 of the Rules of Court and the RICS practice statement.
590 ## - LOCAL NOTE (RLIN)
Local note ABS
650 ## - SUBJECT ADDED ENTRY--TOPICAL TERM
Topical term or geographic name entry element ABOUT RICS-RICS MEMBERS
650 ## - SUBJECT ADDED ENTRY--TOPICAL TERM
Topical term or geographic name entry element EXPERT WITNESSES
650 ## - SUBJECT ADDED ENTRY--TOPICAL TERM
Topical term or geographic name entry element CODE OF GUIDANCE ON EXPERT WITNESSES
650 ## - SUBJECT ADDED ENTRY--TOPICAL TERM
Topical term or geographic name entry element LORD CHANCELLORS DEPARTMENT
650 ## - SUBJECT ADDED ENTRY--TOPICAL TERM
Topical term or geographic name entry element INSTRUCTING EXPERT
690 ## - LOCAL SUBJECT ADDED ENTRY--TOPICAL TERM (OCLC, RLIN)
Topical term or geographic name as entry element MANAGEMENT-BUSINESS MANAGEMENT-PROFESSIONAL PRACTICE
700 ## - ADDED ENTRY--PERSONAL NAME
Personal name Mills, R.
942 ## - ADDED ENTRY ELEMENTS (KOHA)
Suppress in OPAC 0
Holdings
Withdrawn status Lost status Source of classification or shelving scheme Damaged status Not for loan Home library Current library Shelving location Date acquired Total Checkouts Full call number Barcode Date last seen Copy number Price effective from Koha item type
    Dewey Decimal Classification     London London Journal article 02/07/2002   ABS65654 118633-1001 06/08/2019 1 06/08/2019 Journal article